[Event "Vienna op"]
[Site "Vienna"]
[Date "1986.??.??"]
[Round "?"]
[White "Karpov, Anatoly"]
[Black "Kortschnoj, Viktor Lvovich"]
[Result "1/2-1/2"]
[WhiteElo "2700"]
[BlackElo "2635"]
[PlyCount "118"]
[EventDate "1986.11.??"]
[EventType "swiss"]
[EventRounds "9"]
[EventCountry "AUT"]
[SourceTitle "CBM 001"]
[Source "ChessBase"]
[SourceDate "2004.01.01"]
[SourceVersion "1"]
[SourceVersionDate "2004.01.01"]
[SourceQuality "1"]

1. Nf3 d5 2. d4 e6 3. c4 Nd7 4. Nc3 c6 5. e4 dxe4 6. Nxe4 Ngf6 7. Bd3 Nxe4 8. Bxe4 Nf6 9. Bc2 Bb4+ 10. Bd2 Qa5 11. a3 Bxd2+ 12. Qxd2 Qxd2+ 13. Kxd2 Ke7 14. Rhe1 b6 15. Ne5 Bb7 16. f3 Nd7 $146 ({RR} 16... Rhd8 17. Kc3 a5 18. g4 h6 19. h4 g5 20. Be4 Rac8 21. b4 a4 22. Ra2 Rc7 23. hxg5 hxg5 24. Rh2 Rcc8 25. Reh1 Rg8 26. Rh7 Rcf8 27. b5 Nxe4+ 28. fxe4 cxb5 29. Rf1 Bxe4 30. Rfxf7+ Rxf7 31. Rxf7+ {Vokac,M (2450)-Bogdanovich,G (2390) Germany 1995 1-0 (38)}) 17. Nd3 Kd6 18. Kc3 a5 19. Rad1 Kc7 20. b4 axb4+ 21. axb4 Ra2 22. Ra1 Rha8 23. Rxa2 Rxa2 24. Kb3 Ra8 25. Kb2 h6 26. Bb3 g5 27. Kc3 Kd6 28. c5+ bxc5 29. dxc5+ Kc7 30. Bc4 Ra3+ 31. Kb2 Ra8 32. Rf1 Ba6 33. Bxa6 Rxa6 34. f4 f6 35. Re1 Nf8 36. Re3 Ra8 37. Rh3 Rd8 38. Kc3 Ng6 39. Rxh6 Nxf4 40. Nxf4 gxf4 41. Rxf6 e5 42. Rf7+ Kc8 43. b5 cxb5 44. Kb4 Rd2 45. g4 Rxh2 46. g5 Rg2 47. c6 Rxg5 48. Kc5 Kd8 49. Kb6 Rg6 50. Kb7 Ke8 51. Rf5 Ke7 52. c7 Rg8 53. Rxe5+ Kd6 54. Rg5 Rh8 55. Rh5 Rg8 56. c8=Q Rxc8 57. Kxc8 b4 58. Kb7 b3 59. Rb5 b2 1/2-1/2

[Event "Dortmund SuperGM 27th"]
[Site "Dortmund"]
[Date "1999.07.17"]
[Round "7"]
[White "Karpov, Anatoly"]
[Black "Timman, Jan H"]
[Result "1/2-1/2"]
[WhiteElo "2700"]
[BlackElo "2650"]
[Annotator "Lutz,Christopher"]
[PlyCount "54"]
[EventDate "1999.07.10"]
[EventType "tourn"]
[EventRounds "7"]
[EventCountry "GER"]
[EventCategory "19"]
[SourceTitle "CBM 072"]
[Source "ChessBase"]
[SourceDate "1999.10.01"]
[SourceVersion "1"]
[SourceVersionDate "1999.10.01"]
[SourceQuality "1"]

1. Nf3 d5 2. d4 Nf6 3. c4 c6 4. Nc3 e6 5. e3 Nbd7 6. Qc2 Bd6 7. Bd3 O-O 8. O-O dxc4 9. Bxc4 Qe7 10. a3 e5 11. h3 Bb8 {Chernins Spezialvariante, die auch von Karpov nicht geknackt werden kann.} 12. Ba2 h6 13. Nh4 Rd8 14. Nf5 Qe8 15. Bd2 ({RR} 15. Ne2 Nf8 16. dxe5 Bxf5 17. Qxf5 Qxe5 18. Ng3 Qxf5 19. Nxf5 Ne6 20. b4 Be5 21. Rb1 Ne4 22. Bb2 Bxb2 23. Rxb2 Nc7 24. Rc1 a6 25. a4 Kf8 26. f3 Ng5 27. Kf2 Nge6 28. Ng3 Rd3 29. Ne4 Rad8 {Karpov,A (2715)-Chernin,A (2600) Tilburg 1992 ½-½ (65)}) ({RR} 15. Ne4 Nxe4 16. Qxe4 Nf8 17. Bd2 Bxf5 18. Qxf5 Qd7 19. Qxd7 Rxd7 20. Bc3 exd4 21. Bxd4 Ne6 22. Bxe6 fxe6 23. Rfc1 Bd6 24. a4 Be7 25. a5 a6 26. Rc4 Rd5 27. g4 Rad8 28. Kg2 R8d7 29. Bc3 Bf6 {Tunik,G (2388)-Koskinen,H (2256) Sabadell 2017 ½-½ (77)}) ({RR} 15. Ne2 Nf8 16. dxe5 Bxf5 17. Qxf5 Qxe5 18. Ng3 Ne6 19. Qxe5 Bxe5 20. f4 Bc7 21. e4 Rd3 22. Nf5 Bb6+ 23. Kh2 Rd7 24. e5 Ne4 25. Be3 Bxe3 26. Nxe3 Rd3 27. Nc4 b5 28. f5 Nd4 29. Rf4 bxc4 {Karpov,A (2672)-Hungaski,R (2308) Buenos Aires 2005 1-0 (59)}) 15... Nf8 16. dxe5 $146 {Eine harmlose Neuerung. In den vier mir bekannten Partien in dieser Stellung wurde der Turm nach d1 gestellt: zweimal der a-Turm und zweimal der f-Turm.} (16. Rad1 Qd7 (16... exd4 17. Nxd4 Bc7 18. Bc1 Bb6 19. Rfe1 Bxd4 20. exd4 Be6 21. d5 cxd5 22. Nxd5 Nxd5 23. Rxd5 Rdc8 24. Rc5 b6 25. Rxc8 Rxc8 26. Qe4 Qd8 27. Bb1 Bxh3 28. Bxh6 gxh6 {½-½ Stangl,M-Chernin,A/Munich 1993/TD (28)}) 17. Ng3 (17. e4 $2 exd4 18. Nxd4 Qxd4 19. Be3 Qe5 20. Rxd8 Qh2#) 17... exd4 18. exd4 Qc7 19. Nce2 Be6 20. Bf4 Qb6 21. Bxe6 {½-½ Portisch,L-Chernin,A/Budapest 1993/CBM 34 (21)}) (16. Rfd1 $5 exd4 (16... Qd7 17. e4 $1 exd4 18. Nxd4 Qxd4 19. Be3 $1 {(Timman) Hier zeigt sich die Pointe von 16.fd1: Nach} Qe5 20. Rxd8 {kann Schwarz nicht auf h2 mattsetzen.}) 17. Nxd4 N8h7 $5 (17... Qe5 18. f4 Qe7 19. Re1 a5 20. Rad1 Ba7 21. Na4 Bxd4 22. exd4 Qc7 23. f5 Rxd4 24. Bc3 $44 {½-½ Timman,J-Akopian,V/Ubeda 1997/CBM 58/[Lutz] (41)}) 18. Nf5 Bc7 19. e4 Be6 20. Bxe6 Qxe6 21. f4 h5 22. e5 Nd5 23. Nxd5 Rxd5 24. Bb4 Rxd1+ 25. Rxd1 Rd8 26. Rxd8+ Bxd8 $14 {½-½ Akopian,V-Chernin,A/Pula 1997/CBM 57 ext/[Lutz] (40)}) ({RR} 16. Rad1 exd4 17. Nxd4 Bc7 18. Bc1 Bb6 19. Rfe1 Bxd4 20. exd4 Be6 21. d5 cxd5 22. Nxd5 Nxd5 23. Rxd5 Rdc8 24. Rc5 b6 25. Rxc8 Rxc8 26. Qe4 Qd8 27. Bb1 Bxh3 28. Bxh6 gxh6 {½-½ (28) Stangl,M (2475)-Chernin,A (2600) Munich 1993}) ({RR} 16. Rad1 Be6 17. Bb1 Qd7 18. Bc1 Bxf5 19. Qxf5 exd4 20. Rxd4 Qxf5 21. Bxf5 Be5 22. Rxd8 Rxd8 23. Rd1 Rxd1+ 24. Nxd1 Ne6 25. f4 Bc7 26. Nc3 a5 27. Kf2 b5 28. b3 Kf8 29. Bb2 Ke7 30. Kf3 g6 {Prakash,G (2429)-Barua,D (2502) Kelamabakkam 2000 ½-½ (37)}) 16... Qxe5 17. Ng3 {Der Springer muss zurück und der a2 wird abgetauscht. Weiß hat also keinerlei Vorteil mehr.} Be6 18. Bxe6 Nxe6 $11 19. Rfd1 Qc5 20. Nf1 Be5 21. Rac1 Rd7 22. Be1 Rad8 23. Rxd7 Rxd7 24. Nd2 Bc7 25. Rd1 Ng5 26. Nf1 Rxd1 27. Qxd1 Qc4 1/2-1/2

[Event "RUS-chT 07th"]
[Site "Smolensk"]
[Date "2000.04.22"]
[Round "8"]
[White "Arkhipov, Sergey G"]
[Black "Karpov, Alexander"]
[Result "1-0"]
[WhiteElo "2527"]
[BlackElo "2423"]
[PlyCount "62"]
[EventDate "2000.04.15"]
[EventType "team-tourn"]
[EventRounds "11"]
[EventCountry "RUS"]
[SourceTitle "EXT 2020"]
[Source "ChessBase"]
[SourceDate "2019.10.17"]
[SourceVersion "1"]
[SourceVersionDate "2019.10.17"]
[SourceQuality "1"]
[WhiteTeam "Novokuznetsk"]
[BlackTeam "Novosibirsk Transsib"]
[WhiteTeamCountry "RUS"]
[BlackTeamCountry "RUS"]

1. d4 {Lutz,Christopher} d5 2. c4 e6 3. Nc3 c6 4. e3 Nf6 5. Nf3 Nbd7 6. Bd3 Bd6 7. e4 dxe4 8. Nxe4 Nxe4 9. Bxe4 O-O 10. O-O h6 11. Bc2 e5 12. b3 f5 ({RR} 12... Re8 13. Re1 exd4 14. Rxe8+ Qxe8 15. Qxd4 Bc5 16. Qd3 Nf6 17. Bb2 Qd7 18. Qc3 Qe7 19. h3) 13. Bb2 ({RR} 13. dxe5 Nxe5 14. Bb2 Qc7 15. h3 Nxf3+ 16. Qxf3 Be6 17. Rfe1 Rae8 18. Re2 Bc8 19. Rae1 Qf7 20. c5 Bb8 21. b4 Rxe2 22. Rxe2 Kh7 23. Bb3 Rd8 24. Qe3 Qg6 25. Qe7 Rh8 26. h4 h5 27. Bf7 Qh6 {Tukmakov,V (2575)-Bareev,E (2535) Minsk 1987 1-0}) ({RR} 13. dxe5 Nxe5 14. Bb2 Nxf3+ 15. Qxf3 Qc7 16. Rfe1 Bxh2+ 17. Kh1 Bd6 18. Rad1 Bb4 19. Re5 Be7 20. Re2 Bg5 21. c5 Bd7 22. Rd6 Rae8 23. Rg6 Rf7 24. b4 Rxe2 {1-0 (24) Komarov,D (2407)-Lee,M (2215) Austin, TX USA 2025}) 13... e4 14. Ne5 Qh4 $146 ({RR} 14... Qe8 15. f4 Nf6 16. Qd2 Be6 17. a4 Qc8 18. b4 Re8 19. h3 a6 20. Rfc1 Qb8 21. Bd1 Qa7 22. Kh1 Rac8 23. Be2 Qb8 24. Rg1 Rcd8 25. Qc3 Qc8 26. g4 fxg4 27. hxg4 Bxe5 28. dxe5 Nxg4 29. Rxg4 {Fominyh,A (2535)-Tsebekov,H (2240) Elista 1996 CBM 056 [Lutz,Christopher] 1-0}) ({RR} 14... Nf6 15. f3) 15. f4 exf3 16. Nxf3 Qh5 17. d5 Nf6 18. dxc6 Bc5+ 19. Kh1 bxc6 20. Ne5 Be6 21. Qxh5 Nxh5 22. Nxc6 Nf6 23. Bd4 Rfc8 24. Bxc5 Rxc6 25. Be3 Ng4 26. Bd4 Rd8 27. Rfd1 Kf7 28. h3 Nf6 29. Bxa7 Rxd1+ 30. Bxd1 Ne4 31. Kg1 Nc3 1-0

[Event "Radom sim"]
[Site "Radom"]
[Date "2000.05.21"]
[Round "11"]
[White "Karpov, Anatoly"]
[Black "Paterek, Michal"]
[Result "1/2-1/2"]
[WhiteElo "2696"]
[BlackElo "2150"]
[PlyCount "83"]
[EventDate "2000.05.21"]
[EventType "simul"]
[EventRounds "1"]
[EventCountry "POL"]
[SourceTitle "EXT 2005"]
[Source "ChessBase"]
[SourceDate "2004.11.15"]
[SourceVersion "1"]
[SourceVersionDate "2004.11.15"]
[SourceQuality "1"]

1. c4 c6 2. d4 d5 3. Nf3 Nf6 4. e3 e6 5. Nbd2 Nbd7 6. Bd3 Bd6 7. O-O O-O 8. e4 dxe4 9. Nxe4 Nxe4 10. Bxe4 Nf6 11. Bc2 h6 12. b3 Re8 13. Bb2 b6 14. Qd3 Bb7 15. Rfe1 g6 16. Rad1 Bf8 17. Ne5 Bg7 18. Re3 Qe7 $146 ({RR} 18... Qc7 19. Rg3 c5 20. Nxg6 Be4 21. Qe3 Bxc2 22. Ne5 Bxd1 23. dxc5 Nh5 24. cxb6 axb6 25. Rxg7+ Nxg7 26. Qxh6 Rxa2 27. Bd4 Rd8 28. Nd7 f6 29. Nxf6+ Kf7 30. Nd5 exd5 31. Qxg7+ Ke6 32. Qxc7 Rda8 33. Qe5+ {Arvind,C (2306)-Shrestha,K (2196) Chennai 2004 1-0 (36)}) 19. Qe2 Nh5 20. g3 Bxe5 21. Rxe5 Nf6 22. h3 Rad8 23. Qe3 Kh7 24. Re1 Qd7 25. Qf4 Qe7 26. a3 Ng8 27. h4 Qf6 28. Qxf6 Nxf6 29. h5 Bc8 30. f3 Kg7 31. hxg6 fxg6 32. Kg2 Kf7 33. R1e2 Ba6 34. a4 g5 35. Bc3 Bb7 36. Kf2 g4 37. a5 Rg8 38. Re1 h5 39. Rh1 Rg7 40. b4 Rdg8 41. Bd2 Ke7 42. Ba4 1/2-1/2

[Event "Moscow VAO FM 07"]
[Site "Moscow"]
[Date "2015.07.27"]
[Round "?"]
[White "Gurvich, Vitaly"]
[Black "Karpov, Alexander"]
[Result "1-0"]
[WhiteElo "2225"]
[BlackElo "2222"]
[PlyCount "65"]
[EventDate "2015.07.27"]
[EventType "tourn"]
[EventRounds "10"]
[EventCountry "RUS"]
[SourceTitle "EXT 2016"]
[Source "ChessBase"]
[SourceDate "2015.10.08"]
[SourceVersion "1"]
[SourceVersionDate "2015.10.08"]
[SourceQuality "1"]

1. d4 d5 2. c4 e6 3. Nf3 c6 4. e3 Nf6 5. Nc3 Nbd7 6. Bd3 dxc4 7. Bxc4 b5 8. Bd3 b4 9. Ne4 Nxe4 10. Bxe4 Bb7 11. O-O Be7 12. a4 $146 ({RR} 12. Qa4 O-O 13. Bd2 Qb6 14. Rfc1 Rfc8 15. Ne1 e5 16. Bf5 Rd8 17. Nf3 exd4 18. exd4 Nf6 19. Bg5 c5 20. Re1 Bf8 21. dxc5 Bxc5 22. Qc2 Bxf3 23. gxf3 Rd5 24. Bh4 Rad8 25. Rad1 Rxd1 26. Rxd1 Rxd1+ {Szabo,L-Botvinnik,M Hamburg 1965 ½-½ (32)}) ({RR} 12. Nd2 O-O 13. b3 Nf6 14. Bf3 Nd5 15. Bb2 c5 16. Ne4 Ba6 17. Be2 Bxe2 18. Qxe2 cxd4 19. Bxd4 f5 20. Nc5 Qd6 21. Rac1 Bf6 22. Bxf6 gxf6 23. Rfd1 Rac8 24. e4 fxe4 25. Qxe4 Kh8 26. Qxb4 Rc6 {Deac,B (2691)-Gledura,B (2639) Vrnjacka Banja SRB 2024 1-0 (42)}) ({RR} 12. a3 a5 13. Qc2 h6 14. axb4 axb4 15. Bd2 O-O 16. Qc4 Qb6 17. Rfc1 Rxa1 18. Rxa1 Nf6 19. Bd3 c5 20. dxc5 Bxc5 21. Rc1 Rd8 22. Qxc5 Qxc5 23. Rxc5 Rxd3 24. Bxb4 Rd1+ 25. Ne1 Rb1 26. Rc2 Be4 {Tang,Z (2356)-Krush,I (2402) Saint Louis USA 2026 1-0 (42)}) ({RR} 12. Qe2 O-O 13. Bd2 Qb6 14. Rac1 c5 15. Bxb7 Qxb7 16. e4 Rac8 17. b3 Rfd8 18. dxc5 Nxc5 19. Rc4 Nd3 20. Rxc8 Qxc8 21. Be3 Qb7 22. Bd4 Nc5 23. Re1 a5 24. Qe3 Qb5 25. h3 a4 26. bxa4 Nxa4 {Konaplev,A (2179)-Karpov,A (2242) Suzdal 2016 1-0 (42)}) ({RR} 12. Ne1 Qb6 13. Nd3 O-O 14. Bd2 c5 15. Bxb7 Qxb7 16. dxc5 Nxc5 17. Nxc5 Bxc5 18. Rc1 Be7 19. Qe2 Rfd8 20. e4 Bf6 21. Bf4 Rd4 22. f3 Rd7 23. Be3 Bd4 24. Bxd4 Rxd4 25. Rfd1 Rxd1+ {½-½ (25) Pfleger,H-Prins,L Arnhem 1966}) 12... a5 13. b3 O-O 14. Bb2 Nf6 15. Bd3 c5 16. dxc5 Bxc5 17. Rc1 Rc8 18. Qe2 Be7 19. Ba6 Qb6 20. Bc4 Bd5 21. Nd2 Rfd8 22. Bd4 Qb8 23. Bxd5 Rxd5 24. Qa6 Re8 25. Nc4 Bd8 26. Bxf6 gxf6 27. Rfd1 Bc7 28. Rxd5 exd5 29. Nxa5 Bxh2+ 30. Kh1 Be5 31. Rd1 Re6 32. Qb5 Qf8 33. g3 1-0

[Event "URS-ch44 Final"]
[Site "Moscow"]
[Date "1976.12.20"]
[Round "15"]
[White "Karpov, Anatoly"]
[Black "Polugaevsky, Lev"]
[Result "1/2-1/2"]
[WhiteElo "2695"]
[BlackElo "2635"]
[PlyCount "34"]
[EventDate "1976.11.27"]
[EventType "tourn"]
[EventRounds "17"]
[EventCountry "URS"]
[EventCategory "12"]
[SourceTitle "URS-ch"]
[Source "ChessBase"]
[SourceDate "1999.07.01"]
[SourceVersion "1"]
[SourceVersionDate "1999.07.01"]
[SourceQuality "1"]

1. d4 {Ftacnik,Lubomir} Nf6 2. c4 e6 3. Nf3 d5 4. Nc3 c6 5. e3 Nbd7 6. Bd3 dxc4 7. Bxc4 b5 8. Bd3 Bb7 9. e4 b4 10. Na4 c5 11. e5 Nd5 12. O-O cxd4 13. Re1 g6 14. Bg5 Be7 15. Bh6 ({RR} 15. Bxe7 Qxe7 16. Bb5 O-O 17. Bxd7 Qxd7 18. Nc5 Qe7 ({RR} 18... Qb5) 19. Qxd4 Rad8 20. Rac1 ({RR} 20. Ne4 Ba8 21. Nd6 f6) ({RR} 20. Nxb7 Qxb7 21. Ng5 Kg7 22. Ne4 Qb6) 20... Nb6 21. Qxb4 Bxf3 22. gxf3 Rd5 23. f4 Rfd8 ({RR} 23... Rc8 24. Nd3 Qd8 ({RR} 24... Qxb4 25. Nxb4 Rxc1 26. Rxc1 Rd4 27. Nc6 Rxf4 28. Nxa7 Ra4 29. Nc8) 25. Rxc8 Nxc8 26. Nc5 Rd4) 24. Qa3 Rd2 25. Qc3 Qh4 26. Qg3 Qxg3+ ({RR} 26... Qe7 27. Ne4 Rxb2 28. Nf6+) 27. hxg3 Rxb2 28. a4 Ra2 ({RR} 28... Rd4) 29. a5 Nd5 {Kozul,Z (2575)-Tukmakov,V (2570) Toronto 1990 CBM 020 [Ftacnik,Lubomir] ½-½ (44)}) 15... Bf8 ({RR} 15... N5b6 16. Bb5 a6 17. Nxb6 Qxb6 18. Bxd7+ Kxd7 19. Nxd4 Bd5 20. Rc1 Rhc8 21. Be3 Qb7 22. Qa4+ Kd8 23. Nb3 Bc6 24. Na5 Bxa4 25. Nxb7+ Kd7 26. Bc5 Rab8 27. Nd6 Bxd6 28. Bxd6 Rxc1 29. Rxc1 Rb7 30. b3 {Rasulov,V (2513)-Jaracz,P (2463) chess.com INT 2023 1-0 (52)}) 16. Bg5 Be7 17. Bh6 Bf8 $146 ({RR} 17... a6 18. Qd2 Qa5 19. b3 Nc3 20. Nxd4 Nxe5 21. Bg7 Nxd3 22. Qxd3 Rg8 23. Be5 Qd5 24. Qg3 Ne4 25. Rxe4 Qxe4 26. f4 Rd8 27. Rd1 f6 28. Re1 Qd5 29. Nb6 Qc5 30. Na4 Qa7 31. Kh1 fxe5 32. Nxe6 {Utnasunov,A (2291)-Pridorozhni,A (2352) Elista 2001 0-1 (33)}) 1/2-1/2

[Event "Tomsk-ch"]
[Site "Tomsk"]
[Date "2006.??.??"]
[Round "?"]
[White "Shkurikhin, Ilia"]
[Black "Karpov, Alexander"]
[Result "1-0"]
[WhiteElo "2305"]
[BlackElo "2350"]
[PlyCount "72"]
[EventDate "2006.06.??"]
[EventType "tourn"]
[EventRounds "9"]
[EventCountry "RUS"]
[EventCategory "3"]
[SourceTitle "EXT 2008"]
[Source "ChessBase"]
[SourceDate "2007.11.25"]
[SourceVersion "1"]
[SourceVersionDate "2007.11.25"]
[SourceQuality "1"]

1. d4 d5 2. c4 e6 3. Nf3 Nf6 4. Nc3 c6 5. e3 Nbd7 6. Bd3 dxc4 7. Bxc4 b5 8. Bd3 b4 9. Ne4 Nxe4 10. Bxe4 Bb7 11. Nd2 ({RR} 11. Bd2 Be7 12. Rc1 Rc8 13. O-O O-O 14. Qe2 Nf6 15. Bd3 c5 16. dxc5 Bxc5 17. e4 e5 18. Rxc5 Rxc5 19. Bxb4 Qb6 20. Bxc5 Qxc5 21. Rd1 Rd8 22. Bb1 Rxd1+ 23. Qxd1 g6 24. Qe1 a5 25. b3 Qb5 {Konaplev,A (2179)-Karpov,A (2242) Moscow 2016 ½-½ (48)}) 11... Be7 12. O-O ({RR} 12. b3 Nf6 13. Bf3 Nd5 14. Bb2 O-O 15. O-O c5 16. Ne4 Ba6 17. Re1 c4 18. bxc4 Bxc4 19. Nc5 a5 20. a3 Rb8 21. h3 Bb5 22. axb4 Nxb4 23. Bc3 Qc7 24. Qb3 Bxc5 25. dxc5 Rfc8 26. Red1 Be8 {LCZero 0.31-dag-c93c6a8-BT4-6 (3652)-Stockfish dev-20250118-8e3e22 (3683) tcec-chess.com INT 2025 ½-½ (37)}) 12... O-O 13. b3 f5 $146 ({RR} 13... Nf6 14. Bf3 Nd5 15. Bb2 c5 16. Qe2 cxd4 17. Bxd4 a5 18. Nc4 Bf6 19. Qb2 Bxd4 20. Qxd4 Qe7 21. a4 Rfd8 22. Qb2 Nc3 23. Bxb7 Qxb7 24. Rac1 Rd5 25. Na3 Rad8 26. Nb1 Ne4 27. Rc4 Rg5 28. f3 {Hayrapetyan,H (2442)-Korchmar,V (2438) chess.com INT 2023 0-1 (66)}) ({RR} 13... Qb8 14. Bb2 Rc8 15. Rc1 c5 16. dxc5 Rxc5 17. Qg4 g6 18. Qf3 Bxe4 19. Nxe4 Rf5 20. Qe2 Qb7 21. Rfd1 Rd5 22. Rxd5 Qxd5 23. Qc2 Rd8 24. Rd1 Qa8 25. h3 f5 26. Nd6 Nb6 27. Nb5 Rxd1+ 28. Qxd1 {Anton Guijarro,D (2666)-Abdusattorov,N (2751) Prague CZE 2026 ½-½ (41)}) ({RR} 13... Nf6 14. Bf3 Nd5 15. Bb2 c5 16. Ne4 Ba6 17. Be2 Bxe2 18. Qxe2 cxd4 19. Bxd4 f5 20. Nc5 Qd6 21. Rac1 e5 22. Bb2 Rac8 23. Nd3 Nc3 24. Bxc3 bxc3 25. Rfd1 Qa6 26. Qc2 Ba3 27. Rb1 Bd6 28. Ne1 {Jussupow,A (2605)-Romanov,E (2520) Dresden 2007 ½-½ (59)}) 14. Bd3 c5 15. Bb2 Nf6 16. Re1 Nd5 17. Bc4 Bd6 18. Nf3 Qe7 19. Rc1 Rad8 20. Qe2 cxd4 21. Nxd4 e5 22. Nxf5 Rxf5 23. Bxd5+ Bxd5 24. e4 Qg5 25. f3 Bxe4 26. Qxe4 h5 27. Rc6 Rf7 28. Bc1 Qe7 29. Be3 Bb8 30. Rec1 a5 31. Ra6 Bc7 32. h4 Qe8 33. Bg5 Rb8 34. Rcc6 Qd7 35. Kh2 Bd8 36. Rd6 Qc8 1-0

[Event "Tilburg"]
[Site "Tilburg"]
[Date "1994.??.??"]
[Round "3"]
[White "Karpov, Anatoly"]
[Black "Antunes, Antonio"]
[Result "1-0"]
[WhiteElo "2780"]
[BlackElo "2510"]
[PlyCount "79"]
[EventDate "1994.09.??"]
[EventType "k.o."]
[EventRounds "7"]
[EventCountry "NED"]
[SourceTitle "CBM 044"]
[Source "ChessBase"]
[SourceDate "1995.02.01"]
[SourceVersion "1"]
[SourceVersionDate "1995.02.01"]
[SourceQuality "1"]

1. d4 d5 2. c4 c6 3. Nf3 Nf6 4. Nc3 e6 5. e3 Nbd7 6. Bd3 dxc4 7. Bxc4 b5 8. Bd3 b4 9. Ne4 Be7 10. O-O Bb7 11. Nxf6+ Nxf6 12. e4 O-O 13. e5 Nd7 14. Be4 Rb8 15. Qc2 h6 16. Be3 c5 17. Bxb7 Rxb7 18. Rfd1 Qc8 19. dxc5 Nxc5 20. Rac1 Rd8 21. Qc4 ({RR} 21. Rxd8+ Qxd8 22. Bxc5 Rc7 23. Rd1 Qc8 24. Qb3 Bxc5 25. h3 a5 26. a3 bxa3 27. bxa3 Ba7 28. Qa4 Bb6 29. Qb5 Rc1 30. Rxc1 Qxc1+ 31. Kh2 Bxf2 32. Qxa5 Qf4+ 33. Kh1 Qc1+ {½-½ (33) Krasnov,V-Gusev,A (2329) Tula 2000}) ({RR} 21. Rxd8+ Qxd8 22. Qc4 Nd3 23. Rb1 Bf8 24. h3 Rd7 25. Bd4 Nf4 26. Kh2 Rc7 27. Qb5 Qd5 28. a4 Qxb5 29. axb5 Rb7 30. Ra1 Rxb5 31. Rxa7 g5 32. g3 Nd3 33. Rc7 Bg7 34. Rc4 Kh7 35. Kg2 Kg6 {San Segundo Carrillo,P (2520)-Antunes,A (2530) Linares 1995 ½-½ (48)}) 21... Rxd1+ 22. Rxd1 a5 23. Rc1 $146 ({RR} 23. h3 Rd7 24. Rc1 Rd5 25. Qb5 Qc7 26. Qe8+ Bf8 27. Rc4 Qd7 28. Qb8 Qb7 29. Qxb7 Nxb7 30. Rc8 Nc5 31. Nd4 Nd7 32. Nc6 Kh7 33. Ra8 g5 34. Nxa5 Bg7 35. Nc6 Nxe5 36. Nxb4 Rd1+ 37. Kh2 Nc4 {San Segundo Carrillo,P (2470)-Antunes,A (2465) Elgoibar 1994 ½-½ (90)}) 23... Rd7 24. Qb5 Qd8 25. h3 Rb7 26. Qc4 Nd3 27. Rc2 Rd7 28. Qa6 Bf8 29. Rc8 Qe7 30. Qa8 f5 31. Re8 Qf7 32. Qc8 Rd5 33. Nd4 Nxe5 34. Nxe6 Nd7 35. Bd4 f4 36. Bxg7 f3 37. Bxf8 Rd1+ 38. Kh2 Nf6 39. Re7 fxg2 40. Bxh6+ 1-0

[Event "FIDE-Wch k.o. f"]
[Site "Lausanne"]
[Date "1998.01.04"]
[Round "8.3"]
[White "Karpov, Anatoly"]
[Black "Anand, Viswanathan"]
[Result "1/2-1/2"]
[WhiteElo "2735"]
[BlackElo "2770"]
[Annotator "Ftacnik,Lubomir"]
[PlyCount "37"]
[EventDate "1998.01.02"]
[EventType "match"]
[EventRounds "6"]
[EventCountry "SUI"]
[SourceTitle "CBM 063"]
[Source "ChessBase"]
[SourceDate "1998.03.26"]
[SourceVersion "1"]
[SourceVersionDate "1998.03.26"]
[SourceQuality "1"]

1. d4 {Lutz} d5 2. c4 c6 3. Nc3 Nf6 4. e3 e6 5. Nf3 Nbd7 6. Bd3 dxc4 7. Bxc4 b5 8. Bd3 Bb7 9. a3 b4 10. Ne4 Nxe4 11. Bxe4 bxa3 12. bxa3 Bd6 13. O-O {Lutz: Der nachfolgende Plan der Läuferentwicklung ist an dieser Stelle neu. Karpow hatte gegen Kramnik zweimal 13.d2 versucht, allerdings ohne großen Erfolg.} (13. Bd2 Rb8 (13... Qc7 14. Bb4 c5 15. Bxb7 Qxb7 16. dxc5 Bxc5 17. Bxc5 Nxc5 18. Qd4 Qb5 19. Qxg7 Nd3+ 20. Kd2 O-O-O 21. Nd4 Nc5) 14. O-O $5 (14. Qa4 c5 (14... Qc7 15. Rb1 c5 16. Rxb7) 15. Bxb7 Rxb7 16. dxc5 Bxc5 17. Ba5 Qb8 (17... Qc8 18. O-O O-O 19. Rac1 Nb6 20. Qe4 Rc7 21. Ng5 g6 22. Qh4 h5 23. g4 Be7 24. gxh5 Rxc1 25. hxg6 Rxf1+ 26. Kg2 Rxf2+ $3 27. Kxf2 fxg6+ $19) 18. Rd1 O-O {½-½ Karpov,A-Kramnik,V/Dortmund 1995} (18... O-O 19. Rxd7 Qe8 20. Ne5 Bd6 21. O-O Bxe5 22. Rfd1 Rxd7 23. Qxd7 Qb8 $14)) (14. Rb1 O-O 15. O-O Nf6 $10) 14... O-O (14... c5 $6 15. Bxb7 Rxb7 16. Bc3 $1 (16. d5 exd5 17. Bc3 Nf6 18. Bxf6 Qxf6 19. Qxd5 Rd7 20. Qa8+ Qd8 $14) 16... O-O 17. d5 Qe7 18. e4 f6 $8 19. Qc2 Nb6 $6 20. dxe6 Qxe6 21. Rfe1 Nc4 22. Rad1 $5 (22. a4 Ne5 23. Bxe5 Bxe5 24. Rac1 Bd4 $10) 22... Nxa3 23. Qc1 Nc4 24. Nh4 $1 {Gurevich,M-Novikov,I/Antwerp op/1995/0-1 (93)}) 15. Bb4 c5 16. dxc5 Bxc5 17. Bxb7 Rxb7 18. Nd4 Qb6 19. Bxc5 Qxc5 20. Qd2 Qd5 21. Qc3 h6 22. Rac1 Ne5 23. h3 Rfb8 24. Qc5 Qe4 25. Qc2 Qd5 26. Qa4 Qe4 27. Qc2 Qd5 {½-½ Karpov,A-Kramnik,V/Monaco rapid 1996}) ({RR} 13. Bd2 Rb8 14. O-O O-O 15. Bb4 c5 16. dxc5 Bxc5 17. Bxb7 Rxb7 18. Nd4 Qb6 19. Bxc5 Qxc5 20. Qd2 Qd5 21. Qc3 h6 22. Rac1 Ne5 23. h3 Rfb8 24. Qc5 Qe4 25. Qc2 Qd5 26. Qa4 Qe4 27. Qc2 Qd5 {Karpov,A (2770)-Kramnik,V (2775) Monte Carlo 1996 ½-½}) ({RR} 13. Bd2 Rb8 14. O-O O-O 15. Bb4 c5 16. dxc5 Bxc5 17. Bxb7 Rxb7 18. Nd4 Qb6 19. Bxc5 Qxc5 20. Qd2 Qd5 21. Qc3 h6 22. Rac1 Ne5 23. h3 Rfb8 24. Qc5 Qe4 25. Qc2 Qd5 26. Qa4 Qe4 27. Qc2 {½-½ (27) De Freitas,M (1760)-De Morais,L (1764) Corumba 2015}) 13... O-O 14. Bb2 (14. Bd2) 14... Rb8 $146 ({RR} 14... Nf6 15. Bd3 c5 {½-½ (15) Trohimchuk,S-Shakhov,A (2170) Rostov on Don 1996}) 15. Qc2 c5 {The only exciting moment in the whole game, black trusts his counterplay with bishop looking to white's kingside. Der einzige kleine Höhepunkt der Partie.} (15... f5 $5 16. Bxc6 Rc8 17. d5 (17. Qb3 Rxc6 18. Qxb7 Rb6 $19) 17... exd5 18. Qc3 $1 (18. Nd4 Bxc6 19. Nxc6 Bxh2+ 20. Kxh2 Qc7+ $15) 18... Rf7 19. Bxb7 Rxc3 20. Bxc3 Nb6 (20... Qc7 21. Bxd5 Qxc3 22. Ng5 Ne5 23. Rac1 Qxa3 24. Rc8+ Bf8 25. Bxf7+ Nxf7 26. Ne6 $18) 21. Ba6 $13) 16. Bxb7 (16. Bxh7+ Kh8 17. Bd3 (17. Be4 $2 Bxe4 18. Qxe4 Rxb2 $19) (17. dxc5 Bxf3 18. gxf3 (18. cxd6 Qg5 19. g3 Qg4 $19) 18... Rxb2 19. Qxb2 Be5 $17) 17... Bxf3 18. gxf3 Bxh2+ (18... cxd4 19. Bxd4 Qh4 20. f4 Qg4+ $11) (18... Qh4 $5 {Lutz}) 19. Kxh2 Qh4+ 20. Kg2 Qg5+ $11) 16... Rxb7 17. dxc5 (17. Rab1 cxd4 18. Nxd4 Qb8 $11) 17... Bxc5 18. Rfd1 Qe7 19. a4 (19. Qc3 Nf6 $11) 1/2-1/2